Pays qui ont perdu en finale de coupe du monde de football - Statistiques

Statistiques générales
  • Ce quiz a été pris 549 fois
  • Le résultat moyen est 8 sur 10
Statistiques - réponses
Nombre de finale perdue Pays % Correct
2 France
100%
2 Brésil
98%
4 Allemagne
97%
3 Argentine
97%
2 Italie
93%
3 Pays-bas
85%
1 Croatie
82%
1 Suède
54%
2 Hongrie
46%
2 Tchécoslovaquie
33%
Aucun quiz correspondant
Distribution des résultats
% des personnes avec chaque résultat
Percentile par nombre de réponses
Votre historique - résultats
Vous n’avez pas pris ce quiz